[Event "SR 2. liga A 2007/2008"]
[Site "?"]
[Date "2007.12.01"]
[Round "5.7"]
[White "Lukacovic, Miroslav"]
[Black "Bincik, Pavol"]
[Result "0-1"]
[WhiteElo "1983"]
[BlackElo "1889"]
[PlyCount "114"]
[EventDate "2007.??.??"]

1. d4 c6 2. Nf3 d5 3. c3 Bf5 4. Bf4 Qb6 5. Qb3 Qxb3 6. axb3 Nf6 7. Bxb8 Rxb8 8.
Rxa7 Bxb1 9. Kd2 Ne4+ 10. Ke1 Bc2 11. b4 e6 12. e3 Bd6 13. g3 O-O 14. Bg2 Ra8
15. Rxa8 Rxa8 16. Nd2 Ra1+ 17. Ke2 Rxh1 18. Bxh1 Nxd2 19. Kxd2 Ba4 20. e4 f6
21. Ke3 Kf7 22. Bg2 g5 23. Kd2 h5 24. Kc1 dxe4 25. Bxe4 f5 26. Bd3 f4 27. Be2
Kg6 28. g4 hxg4 29. Bxg4 e5 30. dxe5 Bxe5 31. Bc8 b6 32. Bd7 Kf6 33. Kd2 Ke7
34. Bg4 Kd6 35. Be2 Bb3 36. Kd3 Bf7 37. Kc2 Bg6+ 38. Kb3 Bf7+ 39. Kc2 Bg6+ 40.
Kb3 Bf5 41. f3 c5 42. Kc4 Bc8 43. bxc5+ bxc5 44. b4 cxb4 45. cxb4 Bb7 46. h3
Kc6 47. b5+ Kb6 48. Bd1 Bc8 49. Kd5 Bc3 50. Be2 Bxh3 51. Ke4 Bd7 52. Bf1 Be1
53. Ke5 Bxb5 54. Bh3 Kc5 55. Bc8 Bf1 56. Bb7 Bd3 57. Ba8 Bb5 0-1

[Event "SR 2. liga A 2007/2008"]
[Site "?"]
[Date "2007.12.01"]
[Round "5.7"]
[White "Michal, Silvio"]
[Black "Peitl, Tomas"]
[Result "1-0"]
[WhiteElo "2083"]
[BlackElo "2031"]
[Annotator ",Kaiko"]
[PlyCount "61"]
[EventDate "2007.??.??"]
[TimeControl "240+2"]

{74MB, Hiarcs10.ctg} 1. Nf3 d5 2. g3 c5 3. Bg2 Nf6 4. O-O e6 5. d4 Nc6 6. b3
cxd4 7. Nxd4 Bc5 8. Bb2 O-O 9. Nxc6 bxc6 10. Nd2 Ba6 11. c4 Rb8 12. Rc1 Qa5 13.
Qc2 Rfc8 14. a3 Be7 15. b4 Qb6 16. c5 Qc7 17. Nb3 Nd7 18. f4 e5 19. fxe5 Nxe5
20. Rf5 Nc4 21. Bd4 Rf8 22. Qc3 f6 23. Rxd5 Nxa3 24. Rh5 Bxe2 25. Rh4 Bb5 26.
Nd2 Rbd8 27. Qxa3 g5 28. Qb3+ Kg7 29. Rg4 Kg6 30. Qe6 h5 31. Be4+ 1-0

[Event "SR 2. liga A 2007/2008"]
[Site "?"]
[Date "2007.12.01"]
[Round "5.7"]
[White "Tomanek, Rafael"]
[Black "Orolin, Peter"]
[Result "1/2-1/2"]
[WhiteElo "1990"]
[BlackElo "1963"]
[PlyCount "63"]
[EventDate "2007.??.??"]
[WhiteTeam "Doprastav BA D"]
[BlackTeam "Doprastav BA C"]

1. d4 d5 2. Nf3 Nf6 3. c4 c6 4. Nc3 e6 5. e3 Nbd7 6. Bd3 Bd6 7. O-O O-O 8. e4
dxc4 9. Bxc4 e5 10. Bg5 Qe7 11. Re1 Rd8 12. Bb3 exd4 13. Nxd4 Nc5 14. Qf3 Qe5
15. Bxf6 gxf6 16. Qg3+ Qxg3 17. hxg3 Bxg3 18. Nxc6 bxc6 19. fxg3 Nxb3 20. axb3
Be6 21. Ra6 Rd2 22. Rxc6 Rb8 23. Re2 Rxe2 24. Nxe2 Rxb3 25. Nd4 Rxb2 26. Nxe6
fxe6 27. Rxe6 Kf7 28. Ra6 Rb7 29. Kf2 Kg7 30. Kf3 Kf7 31. Kf4 Re7 32. g4
1/2-1/2

[Event "SR 2. liga A 2007/2008"]
[Site "?"]
[Date "2007.12.01"]
[Round "5.7"]
[White "Zitniak, Jozef"]
[Black "Vinarcik, Jan"]
[Result "1/2-1/2"]
[WhiteElo "1992"]
[BlackElo "1993"]
[PlyCount "86"]
[EventDate "2007.??.??"]

1. e4 e5 2. Bc4 Nc6 3. a3 d6 4. d3 Nf6 5. Ne2 Be7 6. Nbc3 h6 7. b4 Bg4 8. Bb2
Qd7 9. Qd2 a6 10. Bb3 Rd8 11. Nd5 Nxd5 12. Bxd5 Bg5 13. Qd1 Rb8 14. O-O Ne7 15.
Bb3 Ng6 16. f3 Be6 17. c4 O-O 18. Bc1 Qe7 19. f4 exf4 20. Nxf4 Nxf4 21. Bxf4
Bxf4 22. Rxf4 Qg5 23. Qd2 b5 24. Raf1 c5 25. Ba2 Qe5 26. Kh1 bxc4 27. dxc4 Rbc8
28. b5 axb5 29. cxb5 Bxa2 30. Qxa2 c4 31. a4 Qc5 32. Rf5 Qb4 33. Qc2 Ra8 34.
Ra1 Rfb8 35. h3 Qb3 36. Rc1 Qxc2 37. Rxc2 Rxa4 38. Rd5 Rb6 39. e5 dxe5 40. Rxe5
Rb4 41. Rc5 R6xb5 42. Rxb5 Rxb5 43. Rxc4 Rb2 1/2-1/2

[Event "SR 2. liga A 2007/2008"]
[Site "?"]
[Date "2007.12.01"]
[Round "5.8"]
[White "Cajka, Tibor"]
[Black "Majtan, Martin"]
[Result "1-0"]
[WhiteElo "1850"]
[BlackElo "1434"]
[PlyCount "69"]
[EventDate "2007.??.??"]

1. e4 e5 2. Nf3 Nc6 3. Bb5 a6 4. Ba4 Nf6 5. O-O Be7 6. Re1 b5 7. Bb3 d6 8. c3
O-O 9. h3 Na5 10. Bc2 c5 11. d4 Qc7 12. Nbd2 Nc6 13. d5 Nd8 14. Nf1 h6 15. Be3
Nh7 16. Ng3 f6 17. Nh4 Nf7 18. Ng6 Re8 19. h4 Nh8 20. Qh5 Nf8 21. Nxh8 Kxh8 22.
Qxe8 g6 23. Bxh6 Kg8 24. Bxf8 Bb7 25. Qxe7 Qxe7 26. Bxe7 Kf7 27. Bxd6 Rc8 28.
a4 Ba8 29. axb5 axb5 30. Ra7+ Kg8 31. Rea1 Kh8 32. Rxa8 Rxa8 33. Rxa8+ Kg7 34.
Ra7+ Kh6 35. Bf8# 1-0

[Event "SR 2. liga A 2007/2008"]
[Site "?"]
[Date "2007.12.01"]
[Round "5.8"]
[White "Gono, Michal"]
[Black "Danis, Jozef"]
[Result "1-0"]
[WhiteElo "1682"]
[BlackElo "1800"]
[PlyCount "81"]
[EventDate "2007.??.??"]

1. d4 d5 2. c4 e6 3. Nc3 Nf6 4. Bg5 Nbd7 5. e3 Be7 6. Nf3 O-O 7. Rc1 a6 8. a3
h6 9. Bh4 dxc4 10. Bxc4 b5 11. Ba2 Bb7 12. O-O c5 13. dxc5 Nxc5 14. Nd4 Qb6 15.
Bb1 Rfd8 16. Qe2 Rac8 17. Rfd1 g6 18. h3 e5 19. Nf3 Nb3 20. Rxd8+ Rxd8 21. Rd1
Bxf3 22. Qxf3 Nd2 23. Qe2 Nxb1 24. Rxb1 Qe6 25. Bxf6 Bxf6 26. e4 Rd4 27. Rd1
Be7 28. Nd5 Bc5 29. Rc1 Qd6 30. Qg4 f5 31. Qh4 fxe4 32. Ne3 Qf8 33. Qg4 Kg7 34.
Qe6 Qd6 35. Qc8 Rc4 36. Nxc4 bxc4 37. Rxc4 Bxf2+ 38. Kxf2 Qd2+ 39. Kg1 Qe3+ 40.
Kh1 Qe1+ 41. Kh2 1-0

[Event "SR 2. liga A 2007/2008"]
[Site "?"]
[Date "2007.12.01"]
[Round "5.8"]
[White "Kolesar, Rastislav"]
[Black "Srna, Jan"]
[Result "1/2-1/2"]
[WhiteElo "1922"]
[BlackElo "2017"]
[Annotator ",Kaiko"]
[PlyCount "133"]
[EventDate "2007.??.??"]
[TimeControl "240+2"]

{74MB, Hiarcs10.ctg} 1. e4 e6 2. d4 d5 3. e5 c5 4. c3 Qb6 5. Nf3 Nc6 6. a3 cxd4
7. cxd4 Nge7 8. b4 Nf5 9. Bb2 a6 10. Be2 Bd7 11. g4 Nfe7 12. Qd2 h5 13. g5 h4
14. Nc3 Na7 15. O-O Nf5 16. Rfd1 Qd8 17. Bd3 g6 18. Be2 Be7 19. Bc1 Rc8 20. h3
Rc7 21. Nh2 Nb5 22. Nxb5 Bxb5 23. Bxb5+ axb5 24. f4 Rc4 25. Bb2 Rh5 26. Ng4 Ng3
27. Nf2 Qa8 28. Rdc1 Qa4 29. Rc3 Kd7 30. Kg2 Rh8 31. Rac1 Rhc8 32. Qc2 Qxc2 33.
R1xc2 Rxc3 34. Rxc3 Rxc3 35. Bxc3 Ne2 36. Bd2 Nxd4 37. Ng4 Nc2 38. Bc1 d4 39.
Nf6+ Kc6 40. Kf3 Bxf6 41. exf6 Kd5 42. Bd2 Nxa3 43. Be1 e5 44. f5 Kd6 45. fxg6
fxg6 46. Bxh4 Ke6 47. Bg3 Nc4 48. Ke4 Nd6+ 49. Kd3 Nf7 50. h4 Kf5 51. Be1 Nd8
52. Bg3 Ke6 53. Be1 Nf7 54. Bd2 Nd6 55. Be1 b6 56. Bd2 Nc4 57. Be1 Nb2+ 58. Kc2
Nc4 59. Kd3 Nd6 60. Bd2 Nf5 61. Be1 Nd6 62. Bd2 Kf5 63. Be1 Ke6 64. Bd2 Nc4 65.
Be1 Ne3 66. Bf2 Nd5 67. Be1 1/2-1/2

[Event "SR 2. liga A 2007/2008"]
[Site "?"]
[Date "2007.12.01"]
[Round "5.8"]
[White "Novak, Stanislav"]
[Black "Hurban, Martin"]
[Result "1-0"]
[WhiteElo "1999"]
[BlackElo "1825"]
[PlyCount "61"]
[EventDate "2007.??.??"]

1. e4 e6 2. d4 d5 3. e5 c5 4. c3 Qb6 5. f4 Bd7 6. Nf3 Bb5 7. Bxb5+ Qxb5 8. Na3
Qb6 9. Nc2 Nc6 10. O-O Nh6 11. b3 Nf5 12. g4 Nfe7 13. Qd3 h5 14. h3 Ng6 15. f5
Ngxe5 16. Nxe5 cxd4 17. Nxc6 bxc6 18. fxe6 O-O-O 19. Rxf7 Re8 20. Bf4 hxg4 21.
Qf5 Be7 22. Nxd4 Rxh3 23. Rxe7 Rxe7 24. Qf8+ Qd8 25. Qxd8+ Kxd8 26. Nxc6+ Ke8
27. Nxe7 Kxe7 28. Re1 Rxc3 29. Bg5+ Ke8 30. Re5 Rc6 31. e7 1-0

[Event "SR 2. liga A 2007/2008"]
[Site "?"]
[Date "2007.12.01"]
[Round "5.8"]
[White "Orosi, Peter"]
[Black "Michalko, Peter"]
[Result "0-1"]
[WhiteElo "1884"]
[BlackElo "1631"]
[PlyCount "78"]
[EventDate "2007.??.??"]
[WhiteTeam "Doprastav BA C"]
[BlackTeam "Doprastav BA D"]

1. e4 e5 2. Nf3 Nc6 3. Bc4 Nf6 4. d3 Be7 5. O-O O-O 6. Re1 d6 7. c3 Na5 8. Bb5
c6 9. Ba4 b5 10. Bc2 c5 11. h3 Nc6 12. Nbd2 a5 13. d4 cxd4 14. cxd4 Qb6 15. d5
Nb4 16. Nf1 Nxc2 17. Qxc2 Ba6 18. Be3 Qb7 19. Rac1 Rfc8 20. Qb1 b4 21. N1d2 Bb5
22. b3 Qa6 23. Rxc8+ Rxc8 24. Bg5 h6 25. Bxf6 Bxf6 26. Rc1 Rc3 27. Ne1 Bg5 28.
Rxc3 bxc3 29. Ndf3 Bd8 30. Qc1 Qc8 31. Qc2 Bb6 32. Nd2 Bd4 33. Nb1 Qc5 34. a4
Ba6 35. g3 Qc8 36. Kg2 g6 37. f3 Qc7 38. Na3 Ba7 39. Nb1 Qc5 0-1

[Event "SR 2. liga A 2007/2008"]
[Site "?"]
[Date "2007.12.02"]
[Round "6.1"]
[White "Abel, Peter"]
[Black "Pagerka, Martin"]
[Result "0-1"]
[WhiteElo "2205"]
[BlackElo "2099"]
[PlyCount "124"]
[EventDate "2007.??.??"]
[WhiteTeam "Piestany"]
[BlackTeam "Osuske"]
[WhiteTeamCountry "SVK"]
[BlackTeamCountry "SVK"]

1. c4 e5 2. Nc3 Nf6 3. Nf3 Nc6 4. e3 Bb4 5. Qc2 d6 6. Bd3 Bxc3 7. dxc3 O-O 8.
b3 Re8 9. Ng5 h6 10. Ne4 Nxe4 11. Bxe4 Ne7 12. Ba3 f5 13. Bf3 e4 14. Bh5 g6 15.
Be2 b6 16. O-O-O Nc6 17. c5 bxc5 18. Bxc5 Qf6 19. Ba3 Ne5 20. Bb2 a5 21. c4 Bb7
22. c5 a4 23. Bb5 Red8 24. c6 Bc8 25. Bxa4 Ba6 26. f4 exf3 27. gxf3 Qe7 28. Qc3
Kh7 29. e4 f4 30. Rhe1 Rf8 31. Rd5 Qh4 32. Red1 Rfe8 33. Kb1 Be2 34. R1d2 Qe1+
35. Kc2 Qf1 36. h4 Bxf3 37. Qd4 Qe1 38. Bb5 Qxe4+ 39. Bd3 Qxd4 40. Rxd4 Rf8 41.
Rf2 Rxa2 42. Bb5 Ra5 43. Ba4 g5 44. hxg5 hxg5 45. Bc3 Raa8 46. Rb4 g4 47. Rb7
Rac8 48. Bb5 Be4+ 49. Kd2 g3 50. Bxe5 gxf2 51. Bd4 Bxc6 52. Bd3+ Kg8 53. Ra7
Be4 54. Bf1 Rf7 55. Bxf2 Rh7 56. Ra4 Re8 57. Kc3 Rh2 58. Ra2 Bc6 59. Rc2 Bd5
60. Rd2 c6 61. b4 Ra8 62. Kd4 Ra2 0-1

[Event "SR 2. liga A 2007/2008"]
[Site "?"]
[Date "2007.12.02"]
[Round "6.1"]
[White "Balogh, Tomas"]
[Black "Cvicela, Anton"]
[Result "1/2-1/2"]
[WhiteElo "2362"]
[BlackElo "2277"]
[PlyCount "57"]
[EventDate "2007.??.??"]
[WhiteTeam "Slovakia"]
[BlackTeam "Slovakia"]
[WhiteTeamCountry "SVK"]
[BlackTeamCountry "SVK"]

1. d4 d5 2. c4 c6 3. cxd5 cxd5 4. Nf3 Nc6 5. Nc3 Nf6 6. Bf4 Bf5 7. e3 e6 8. Qb3
Bb4 9. Bb5 O-O 10. O-O Bxc3 11. Qxc3 Rc8 12. Rfc1 Ne5 13. Qa3 Nxf3+ 14. gxf3
Qb6 15. Bf1 Rfd8 16. Rc3 Nh5 17. Rb3 Qc6 18. Bg3 Nxg3 19. hxg3 Bc2 20. Rc1 Qd7
21. Rc3 Rxc3 22. Qxc3 Rc8 23. Bb5 Qd8 24. Qd2 Bg6 25. Rc3 h5 26. Rxc8 Qxc8 27.
Qc3 Qxc3 28. bxc3 Kf8 29. f4 1/2-1/2

[Event "SR 2. liga A 2007/2008"]
[Site "?"]
[Date "2007.12.02"]
[Round "6.1"]
[White "Bezuch, Martin"]
[Black "Janos, Martin"]
[Result "1-0"]
[WhiteElo "2238"]
[BlackElo "2262"]
[PlyCount "81"]
[EventDate "2007.??.??"]
[WhiteTeam "Slovakia"]
[BlackTeam "Slovakia"]
[WhiteTeamCountry "SVK"]
[BlackTeamCountry "SVK"]

1. e4 c5 2. Nf3 Qa5 3. Be2 Nc6 4. O-O e5 5. c3 Nf6 6. d4 d6 7. dxe5 dxe5 8.
Nbd2 Be7 9. Nc4 Qc7 10. Qc2 O-O 11. Rd1 Be6 12. Ng5 Bd7 13. f4 b5 14. fxe5 bxc4
15. exf6 gxf6 16. Nf3 Be6 17. Nh4 Bd6 18. h3 Qe7 19. Rf1 Be5 20. Nf5 Qc7 21.
Be3 Qb6 22. Nh6+ Kh8 23. Ng4 Bxg4 24. Bxg4 Rab8 25. Rf2 Rfd8 26. Raf1 Rd6 27.
Qe2 Qb5 28. Bf5 Rg8 29. Qh5 Rg7 30. Bh6 Rg6 31. Bxg6 fxg6 32. Qg4 Qb7 33. Be3
Qb6 34. Rd1 Ne7 35. Rxd6 Bxd6 36. Rd2 Ng8 37. Kf1 Be5 38. Qc8 Bc7 39. Rd7 Qxb2
40. Qxc7 Qb1+ 41. Kf2 1-0

[Event "SR 2. liga A 2007/2008"]
[Site "?"]
[Date "2007.12.02"]
[Round "6.1"]
[White "Petrik, Stanislav"]
[Black "Schwarz, Dusan"]
[Result "0-1"]
[WhiteElo "2223"]
[BlackElo "2284"]
[PlyCount "52"]
[EventDate "2007.??.??"]
[WhiteTeam "Slovakia"]
[BlackTeam "Slovakia"]
[WhiteTeamCountry "SVK"]
[BlackTeamCountry "SVK"]

1. e4 g6 2. d4 d6 3. Nc3 c6 4. Bd3 Bg7 5. Nge2 e5 6. dxe5 dxe5 7. Be3 Nf6 8.
Bc5 Nbd7 9. Bd6 Bf8 10. Bxf8 Nxf8 11. f4 Ng4 12. Qd2 Qb6 13. O-O-O Nf2 14. f5
Nxh1 15. Rxh1 Bd7 16. Qh6 Rg8 17. Ng3 Qc5 18. Qg5 Qe7 19. f6 Qc5 20. Na4 Qa5
21. b3 O-O-O 22. Kb1 Ne6 23. Qh6 Nf4 24. Bc4 b5 25. Bxf7 Rgf8 26. Qg7 bxa4 0-1

[Event "SR 2. liga A 2007/2008"]
[Site "?"]
[Date "2007.12.02"]
[Round "6.1"]
[White "Rachela, Milan"]
[Black "Frindt, Kornel"]
[Result "1-0"]
[WhiteElo "2312"]
[BlackElo "2190"]
[PlyCount "97"]
[EventDate "2007.??.??"]
[WhiteTeam "Slovakia"]
[BlackTeam "Slovakia"]
[WhiteTeamCountry "SVK"]
[BlackTeamCountry "SVK"]

1. Nf3 Nf6 2. c4 d6 3. d4 g6 4. Nc3 Bg7 5. e4 O-O 6. Be2 e5 7. O-O Nc6 8. d5
Ne7 9. Bg5 Ne8 10. Nd2 f6 11. Be3 f5 12. f3 f4 13. Bf2 g5 14. c5 Rf6 15. Nc4
Rh6 16. Nb5 a6 17. cxd6 axb5 18. dxe7 Qxe7 19. Nd2 Qf7 20. Re1 Bd7 21. Qb3 Qh5
22. Nf1 Nd6 23. Rac1 Rc8 24. Rc3 g4 25. fxg4 Bxg4 26. Rh3 Qg5 27. Bxg4 Qxg4 28.
Rxh6 Bxh6 29. Nd2 Kh8 30. Qf3 Qg6 31. Bc5 Nf7 32. Qc3 Rg8 33. Re2 Qa6 34. Qa3
Qg6 35. Be7 Bg5 36. Nf3 Re8 37. Bb4 Bf6 38. Kf1 Ng5 39. Nxg5 Qxg5 40. Qf3 Qh4
41. Kg1 Be7 42. Bxe7 Rxe7 43. Qa3 Rg7 44. Qf8+ Rg8 45. Qf5 Qe7 46. Rc2 Rf8 47.
Rxc7 Rxf5 48. Rxe7 Rf8 49. d6 1-0

[Event "SR 2. liga A 2007/2008"]
[Site "?"]
[Date "2007.12.02"]
[Round "6.1"]
[White "Tibensky, Robert"]
[Black "Tepper, Frantisek"]
[Result "1-0"]
[WhiteElo "2431"]
[BlackElo "2164"]
[Annotator ",Kaiko"]
[PlyCount "67"]
[EventDate "2007.??.??"]
[WhiteTeam "Slovakia"]
[BlackTeam "Slovakia"]
[WhiteTeamCountry "SVK"]
[BlackTeamCountry "SVK"]
[TimeControl "240+2"]

{74MB, Hiarcs10.ctg} 1. d4 Nf6 2. c4 e6 3. Nf3 d5 4. g3 dxc4 5. Bg2 Nc6 6. O-O
Rb8 7. Nc3 a6 8. e4 Be7 9. Qe2 Nxd4 10. Nxd4 Qxd4 11. Be3 Qd3 12. Qe1 Qd8 13.
Rd1 Nd7 14. e5 Bb4 15. Qe2 Qe7 16. Qg4 Kf8 17. Bg5 Qc5 18. Rfe1 h6 19. Qh4 Kg8
20. Be3 Qe7 21. Qxc4 Nxe5 22. Qd4 Nc6 23. Qd3 Ne5 24. Qc2 Ng6 25. h4 b6 26. h5
Nf8 27. Bf4 Bd6 28. Nd5 Qe8 29. Nxc7 Bxc7 30. Bxc7 Bd7 31. Bxb8 Qxb8 32. Qd3 a5
33. Qd6 Qa7 34. Rc1 1-0

[Event "SR 2. liga A 2007/2008"]
[Site "?"]
[Date "2007.12.02"]
[Round "6.2"]
[White "Duben, Igor"]
[Black "Szollos, Ondrej"]
[Result "1-0"]
[WhiteElo "2172"]
[BlackElo "2146"]
[PlyCount "117"]
[EventDate "2007.??.??"]
[WhiteTeam "Slovakia"]
[BlackTeam "Slovakia"]
[WhiteTeamCountry "SVK"]
[BlackTeamCountry "SVK"]

1. e4 d6 2. d4 c6 3. Nc3 Qc7 4. Bf4 e5 5. dxe5 dxe5 6. Bg3 Be6 7. Qh5 Nd7 8.
Nf3 Ngf6 9. Bxe5 Qa5 10. Qg5 Nxe4 11. Qe3 Nxe5 12. Qxe4 Nxf3+ 13. Qxf3 Bb4 14.
a3 Be7 15. Be2 O-O 16. O-O Rad8 17. Rfd1 Qe5 18. Rxd8 Rxd8 19. Rd1 Rxd1+ 20.
Nxd1 Bd6 21. g3 Bf5 22. Bd3 Qe1+ 23. Kg2 Be6 24. Ne3 Qa5 25. Qe4 Qh5 26. h4 g6
27. Bc4 Bd7 28. Qd3 Qe5 29. Bxf7+ Kxf7 30. Nc4 Qe6 31. Nxd6+ Ke7 32. Ne4 h6 33.
Qd4 b6 34. Qg7+ Kd8 35. Qf8+ Kc7 36. Qf4+ Kb7 37. Nd6+ Kc7 38. Nf7+ Kc8 39. Ne5
Qd5+ 40. Kh2 Bf5 41. c4 Qd1 42. Nxc6 Qe1 43. Qe3 Qxe3 44. fxe3 Kb7 45. Nd4 Bd3
46. b3 a5 47. Nf3 Kc7 48. Nd2 Kd6 49. b4 Ke5 50. Kg2 Bc2 51. Kf2 Kf5 52. bxa5
bxa5 53. c5 Bd3 54. e4+ Kg4 55. c6 Ba6 56. c7 g5 57. hxg5 Kxg5 58. Nc4 Kf6 59.
Nb6 1-0

[Event "SR 2. liga A 2007/2008"]
[Site "?"]
[Date "2007.12.02"]
[Round "6.2"]
[White "Fabry, Robert"]
[Black "Maslik, Miroslav"]
[Result "0-1"]
[WhiteElo "2209"]
[BlackElo "2298"]
[Annotator ",Kaiko"]
[PlyCount "46"]
[EventDate "2007.??.??"]
[WhiteTeam "Slovakia"]
[BlackTeam "Slovakia"]
[WhiteTeamCountry "SVK"]
[BlackTeamCountry "SVK"]
[TimeControl "240+2"]

{74MB, Hiarcs10.ctg} 1. e4 c5 2. c3 Nf6 3. d3 Nc6 4. f4 g6 5. Nf3 Bg7 6. Be2
O-O 7. O-O d6 8. Na3 Rb8 9. Nc2 b5 10. a4 b4 11. Ne3 bxc3 12. bxc3 Nh5 13. Ng5
h6 14. Bxh5 hxg5 15. fxg5 Bxc3 16. Ra3 Bd4 17. Bf3 Rb1 18. Qe2 Qb6 19. Kh1 Be6
20. Nd5 Bxd5 21. exd5 Ne5 22. h3 Rb8 23. Bf4 Qb2 0-1

[Event "SR 2. liga A 2007/2008"]
[Site "?"]
[Date "2007.12.02"]
[Round "6.2"]
[White "Hertel, Ondrej"]
[Black "Farkas, Gabor"]
[Result "0-1"]
[WhiteElo "2105"]
[BlackElo "2333"]
[PlyCount "84"]
[EventDate "2007.??.??"]
[WhiteTeam "Slovakia"]
[BlackTeam "Slovakia"]
[WhiteTeamCountry "SVK"]
[BlackTeamCountry "SVK"]

1. d4 d5 2. c4 e6 3. Nc3 c6 4. Nf3 dxc4 5. e4 b5 6. a4 b4 7. Na2 Ba6 8. Bd2 Qb6
9. Rc1 Nf6 10. e5 Nd5 11. Bxc4 Bxc4 12. Rxc4 c5 13. O-O Nd7 14. Be3 a5 15. Nc1
Qa6 16. Rc2 c4 17. Ng5 N7b6 18. Qh5 Qb7 19. Ne2 h6 20. Nh3 g6 21. Qf3 g5 22.
Qe4 Rb8 23. Ng3 b3 24. Re2 Nb4 25. f4 g4 26. Nf2 h5 27. f5 Qxe4 28. Nfxe4 Be7
29. fxe6 fxe6 30. Nf6+ Kd8 31. Ngxh5 Rxh5 32. Nxh5 Nxa4 33. Nf4 Kd7 34. Ng6 Nd5
35. Rf7 Re8 36. Bg5 c3 37. Nxe7 Nxe7 38. bxc3 Nxc3 39. Rb2 a4 40. Rxe7+ Rxe7
41. Bxe7 Kxe7 42. Rf2 Nd1 0-1

[Event "SR 2. liga A 2007/2008"]
[Site "?"]
[Date "2007.12.02"]
[Round "6.2"]
[White "Hrivnak, Martin"]
[Black "Varga, David"]
[Result "0-1"]
[WhiteElo "2190"]
[BlackElo "2293"]
[PlyCount "96"]
[EventDate "2007.??.??"]
[WhiteTeam "Slovakia"]
[BlackTeam "Slovakia"]
[WhiteTeamCountry "SVK"]
[BlackTeamCountry "SVK"]

1. d4 Nf6 2. Nf3 e6 3. g3 b6 4. Bg2 Bb7 5. O-O c5 6. c4 cxd4 7. Nxd4 Bxg2 8.
Kxg2 Qc7 9. b3 Na6 10. Nc3 Qb7+ 11. f3 Bb4 12. Ndb5 O-O 13. Nd6 Qc6 14. Ncb5
Nc7 15. Nxc7 Qxc7 16. Bf4 Nh5 17. Be5 Qc5 18. a3 Bxa3 19. Rxa3 Qxe5 20. b4 a5
21. f4 Qf6 22. b5 Qe7 23. Qd4 Rfb8 24. e4 Nf6 25. e5 Ne8 26. f5 Nxd6 27. exd6
Qf6 28. Qxf6 gxf6 29. fxe6 fxe6 30. Rxf6 Rf8 31. Rf4 Rac8 32. Rc3 Rxf4 33. gxf4
Kf7 34. Kf3 Kf6 35. Ke4 a4 36. Kd4 Kf5 37. Ra3 Kxf4 38. Rxa4 e5+ 39. Kc3 e4 40.
Ra7 Rd8 41. Rb7 e3 42. Ra7 Kf3 43. c5 bxc5 44. b6 e2 45. Ra1 Kf2 46. Kc4 Rc8
47. Kb5 c4 48. b7 Rb8 0-1

[Event "SR 2. liga A 2007/2008"]
[Site "?"]
[Date "2007.12.02"]
[Round "6.2"]
[White "Pacher, Milan"]
[Black "Biro, Karol"]
[Result "1-0"]
[WhiteElo "2328"]
[BlackElo "2188"]
[PlyCount "89"]
[EventDate "2007.??.??"]
[WhiteTeam "Slovakia"]
[BlackTeam "Slovakia"]
[WhiteTeamCountry "SVK"]
[BlackTeamCountry "SVK"]

1. e4 d6 2. d4 Nf6 3. Nc3 g6 4. Be3 c6 5. h3 b5 6. e5 b4 7. exf6 bxc3 8. fxe7
Qxe7 9. bxc3 Bg7 10. Bd3 O-O 11. Ne2 c5 12. O-O Bb7 13. Rb1 Rc8 14. Nf4 Bc6 15.
Re1 Qf8 16. Bb5 Nd7 17. Bxc6 Rxc6 18. Nd5 Nb6 19. Qf3 Nxd5 20. Qxd5 Rac8 21.
Bf4 cxd4 22. cxd4 Bh6 23. Bxh6 Qxh6 24. Rb7 Qf4 25. g3 Qf5 26. Qxf5 gxf5 27.
Ree7 Rf8 28. Rxa7 Rxc2 29. Red7 Rd2 30. Rxd6 Re8 31. Rf6 Rf8 32. Rxf5 Rxd4 33.
Kg2 Kg7 34. g4 Kg6 35. Kg3 h6 36. h4 Rd3+ 37. f3 Rd2 38. a4 Ra2 39. a5 Ra1 40.
Ra6+ Kg7 41. Raf6 Rxa5 42. Rxf7+ Rxf7 43. Rxa5 Rb7 44. Ra6 Rb4 45. h5 1-0

[Event "SR 2. liga A 2007/2008"]
[Site "?"]
[Date "2007.12.02"]
[Round "6.3"]
[White "Ac, Alexander"]
[Black "Kovacova, Zuzana"]
[Result "0-1"]
[WhiteElo "2066"]
[BlackElo "2108"]
[PlyCount "86"]
[EventDate "2007.??.??"]
[WhiteTeam "Slovakia"]
[BlackTeam "Slovakia"]
[WhiteTeamCountry "SVK"]
[BlackTeamCountry "SVK"]

1. e4 e5 2. Nf3 Nc6 3. Bc4 Bc5 4. O-O Nf6 5. Nc3 d6 6. d3 Bg4 7. h3 Bh5 8. Bg5
h6 9. Bxf6 Qxf6 10. Nd5 Qd8 11. c3 O-O 12. b4 Bb6 13. a4 a5 14. b5 Ne7 15. Nxb6
cxb6 16. g4 Bg6 17. h4 Qd7 18. Nh2 d5 19. exd5 Nxd5 20. Re1 Rfe8 21. Bxd5 Qxd5
22. d4 exd4 23. Qxd4 Qxd4 24. cxd4 Rad8 25. Rxe8+ Rxe8 26. Rc1 Be4 27. f3 Bd5
28. Kf2 Re7 29. Rc8+ Kh7 30. Rc3 f5 31. gxf5 Rf7 32. Ke3 Rxf5 33. Rc7 Rf7 34.
Rxf7 Bxf7 35. Ng4 Bb3 36. Ne5 Bxa4 37. Nd7 Bxb5 38. Nxb6 Kg6 39. d5 Kf7 40. Kd4
a4 41. Kc3 Ke7 42. Nc8+ Kd7 43. Na7 Be2 0-1

[Event "SR 2. liga A 2007/2008"]
[Site "?"]
[Date "2007.12.02"]
[Round "6.3"]
[White "Gazi, Mikulas"]
[Black "Kleman, Miroslav"]
[Result "1-0"]
[WhiteElo "2184"]
[BlackElo "2097"]
[PlyCount "79"]
[EventDate "2007.??.??"]
[WhiteTeam "Slovakia"]
[BlackTeam "Slovakia"]
[WhiteTeamCountry "SVK"]
[BlackTeamCountry "SVK"]

1. e4 d6 2. d4 Nd7 3. Nf3 e5 4. Bc4 Be7 5. dxe5 Nxe5 6. Nxe5 dxe5 7. Qh5 g6 8.
Qxe5 Nf6 9. Qb5+ c6 10. Qb3 O-O 11. Bh6 Nxe4 12. Bxf8 Qxf8 13. O-O b5 14. Qf3
Nd6 15. Bxb5 Nxb5 16. Qxc6 Rb8 17. c4 Nd4 18. Qe4 Bc5 19. Nc3 Bb7 20. Qh4 Bc6
21. Rad1 Nf5 22. Qf6 Rb6 23. Rd8 Be8 24. Qe5 Re6 25. Qb8 Bb6 26. Rd3 Bc6 27.
Qxf8+ Kxf8 28. b4 Nh4 29. Nd5 Rd6 30. Rfd1 Bxd5 31. Rxd5 Rxd5 32. Rxd5 Ke7 33.
c5 Bc7 34. a4 Nf5 35. a5 a6 36. b5 axb5 37. a6 Bb8 38. c6 Nd6 39. c7 Ba7 40.
Rxd6 1-0

[Event "SR 2. liga A 2007/2008"]
[Site "?"]
[Date "2007.12.02"]
[Round "6.3"]
[White "Hartl, Jan"]
[Black "Slapak, Zdenek"]
[Result "1-0"]
[WhiteElo "2186"]
[BlackElo "2172"]
[Annotator ",Kaiko"]
[PlyCount "119"]
[EventDate "2007.??.??"]
[WhiteTeam "Slovakia"]
[BlackTeam "Slovakia"]
[WhiteTeamCountry "SVK"]
[BlackTeamCountry "SVK"]
[TimeControl "240+2"]

{74MB, Hiarcs10.ctg} 1. e4 c5 2. Nf3 Nc6 3. d4 cxd4 4. Nxd4 e5 5. Nb5 a6 6.
Nd6+ Bxd6 7. Qxd6 Qf6 8. Qd1 Qg6 9. f3 Nge7 10. Na3 O-O 11. Nc4 d5 12. exd5 Nb4
13. d6 Ned5 14. c3 Nc2+ 15. Kf2 Nxa1 16. Qxd5 Be6 17. Qd3 Bf5 18. Qd5 Be6 19.
Qd3 f6 20. Be3 b5 21. Nb6 Rad8 22. Bc5 Bxa2 23. Qxg6 hxg6 24. Bxb5 axb5 25.
Rxa1 Be6 26. Ra5 g5 27. Rxb5 f5 28. Ba3 e4 29. Nd5 exf3 30. gxf3 Kf7 31. Ne3 g6
32. c4 Bd7 33. Rb7 Ke6 34. c5 f4 35. Nc2 Rh8 36. Kg1 Rh3 37. Rb4 Rdh8 38. Re4+
Kf6 39. Re2 g4 40. fxg4 Kg5 41. Nd4 Bxg4 42. Rf2 Rd3 43. Nc2 Rd1+ 44. Rf1 Rd2
45. Ne1 Rdxh2 46. c6 Rh1+ 47. Kf2 R1h2+ 48. Kg1 Rh1+ 49. Kf2 R8h2+ 50. Ng2
Rxf1+ 51. Kxf1 f3 52. Ne3 Bh3+ 53. Kg1 Rd2 54. d7 Kf4 55. Bc5 Kg3 56. Nf1+ Bxf1
57. Bf2+ Kh3 58. Kxf1 Rd1+ 59. Be1 Rxe1+ 60. Kxe1 1-0

[Event "SR 2. liga A 2007/2008"]
[Site "?"]
[Date "2007.12.02"]
[Round "6.3"]
[White "Horvath, Mario"]
[Black "Gajarsky, Roman"]
[Result "1-0"]
[WhiteElo "2285"]
[BlackElo "1981"]
[PlyCount "51"]
[EventDate "2007.??.??"]
[WhiteTeam "Slovakia"]
[BlackTeam "Slovakia"]
[WhiteTeamCountry "SVK"]
[BlackTeamCountry "SVK"]

1. d4 d5 2. c4 e6 3. Nf3 c6 4. Qc2 f5 5. g3 Nf6 6. Bg2 Nbd7 7. O-O Bd6 8. Ne1
O-O 9. Nd3 Qe8 10. Nd2 e5 11. cxd5 Nxd5 12. Nc4 Bb8 13. dxe5 Nxe5 14. Ncxe5
Bxe5 15. Nxe5 Qxe5 16. e3 Be6 17. Bd2 Rae8 18. Rad1 g5 19. Rfe1 Qf6 20. b3 h5
21. Bc1 Qc3 22. Qe2 g4 23. Bb2 Qb4 24. Qc2 Qe7 25. Qd2 Qb4 26. Bxd5 1-0